| 000 | 01128nam2a22002291 4500 | ||
|---|---|---|---|
| 001 | v19\rc\1200205 | ||
| 005 | 20250617213644.0 | ||
| 035 | _a(NLR Aleph) 004365970 | ||
| 090 |
_a3435636 _c3435636 |
||
| 100 | _a20060306d1899 |||y0rusy50 ca | ||
| 101 | 0 | _arus | |
| 102 | _aRU | ||
| 105 | _ay z ||||| | ||
| 200 | 0 |
_a... на 1900 год _fМоск. губ. земск. собрание. Очередная сессия 1899 г. |
|
| 210 |
_d[1899] _aБ. м. |
||
| 215 | _aVI, 56 с. | ||
| 461 | 0 |
_1001v19\rc\1200186 _12001#$a[Доклады Губернской земской управы о смете доходов и расходов$fМоск. губ. земск. собрание$v... на 1900 год$90 _93435394 _aМосковская губернская земская управа _cМосква _d1865] _fМоск. губ. земск. собрание _t[Доклады Губернской земской управы о смете доходов и расходов _v... на 1900 год$90 |
|
| 801 | 0 |
_aRU _bNLR _gpsbo |
|
| 801 | 1 |
_aRU _bProSoft-M _2rusmarc |
|
| 852 |
_aNLR _bЗем _j21/С10 |
||
| 942 | _cBOOK | ||
| 980 | _aNB | ||